Rodové stereotypy bakalárska práca

Na minha lista:
Detalhes bibliográficos
Autor principal: Hlaváčová, Martina
Autor Corporativo: Podnikovohospodárska fakulta EU so sídlom v Košiciach. Katedra manažmentu
Outros Autores: Mihalčová, Bohuslava, 1963-
Formato: Livro
Idioma:eslovaco
Publicado em: Košice 2019
Tags: Adicionar Tag
Sem tags, seja o primeiro a adicionar uma tag!

MARC

LEADER 00000nbm a2200000 4500
001 0257774
005 20190923150954.6
041 0 |a slo 
044 |a SK 
245 1 0 |a Rodové stereotypy  |b bakalárska práca  |c Martina Hlaváčová ; školiteľ: Bohuslava Mihalčová 
264 1 |a Košice  |c 2019 
300 |a 54 s. 
100 1 |a Hlaváčová, Martina 
700 1 |a Mihalčová, Bohuslava, 1963- 
710 2 |a Podnikovohospodárska fakulta EU so sídlom v Košiciach. Katedra manažmentu